| 000 | 00615nam a2200193 a 4500 | ||
|---|---|---|---|
| 001 | 3445 | ||
| 003 | CDMR | ||
| 005 | 20131129095401.0 | ||
| 008 | 130130s1983||||||||||||||||||||||||||||d | ||
| 020 | _a8485905148 | ||
| 040 |
_aCDMR _bcat _cCDMR |
||
| 100 | 1 |
_aGifreu, Josep _9366 |
|
| 245 | 1 | 0 |
_aSistema i polítiques de la comunicació a Catalunya _b: premsa, ràdio, televisió i cinema : 1970-1980 _cJosep Gifreu |
| 260 |
_aBarcelona _c1983 _bL'Avenç |
||
| 300 | _a572 p. | ||
| 650 | 0 | 4 |
_91448 _aMitjans de comunicació de massa _zCatalunya |
| 650 | 0 | 4 |
_94398 _aCatalunya _xPolítica de la comunicació |
| 942 |
_cMON _2udc |
||
| 999 |
_c3445 _d3445 |
||